| 000 | 01287cam a2200325 a 4500 | ||
|---|---|---|---|
| 001 | 000010387 | ||
| 005 | 20200929162227.0 | ||
| 008 | 930208m19871993sp b s000 0 spa | ||
| 020 | _a8400065786 (v. 1) | ||
| 020 | _a8486947057 (v. 2) | ||
| 020 | _a8478201432 (v. 3) | ||
| 035 | _a(DLC) 93112695 | ||
| 040 |
_aDO-SdBNP _bspa _cDLC _dDLC _dBNPHU |
||
| 082 |
_a861.64 _bP744a |
||
| 245 | 0 | 0 |
_aPoemas a viva voz : _bantología. |
| 260 |
_aZaragoza : _bInstitución Fernando el Católico, _c[1987]-[1993] . |
||
| 300 |
_a3 v ; _c25 cm. |
||
| 490 | 1 |
_aPublicación número de la Institución "Fernando el Católico" _v1309, 1065, 1196. |
|
| 500 | _aCincuenta aniversario, (1943-1993) | ||
| 504 | _aIncluye referencias bibliográficas. | ||
| 505 | 0 |
_gt. 1 _tSesiones poéticas del curso 1985-86 -- |
|
| 505 | 0 |
_gt.2 _tSesiones poéticas de los cursos 1986-87 y 1987-88 -- |
|
| 505 | 0 |
_gt.3 _tSesiones poéticas de los cursos 1988-89, 1989-90 y 1990-91. |
|
| 650 | 4 |
_aPoesía española _ySIGLO XX _99197 |
|
| 650 | 4 |
_aLiteratura española _ySIGLO XX _93326 |
|
| 710 | 1 |
_aInstitución "Fernando el Católico." _919282 |
|
| 830 | 0 |
_aPublicación número de la Institución "Fernando el Católico" _v1309, 1196, 1309. _925402 |
|
| 910 | _aCatalogación por copia / LC | ||
| 049 | _aBNGR | ||
| 999 |
_c10146 _d10146 |
||